声母z开头的中国县级行政区(点位地图版) - Statistics

General Stats
  • This quiz has been taken 13 times
  • The average score is 23 of 30
Answers on the Map
Answers color-coded by a green-red scale on the quiz's map according to % correct below.
 
Answer Stats
省级行政区 地级行政区 县级行政区 % Correct
山东省 淄博市 淄川区
100%
山东省 济宁市 邹城市
100%
广东省 广州市 增城区
100%
山东省 滨州市 邹平市
92%
湖北省 襄阳市 枣阳市
92%
陕西省 延安市 子长市
92%
陕西省 安康市 紫阳县
92%
河北省 石家庄市 赞皇县
83%
河北省 唐山市 遵化市
83%
安徽省 铜陵市 枞阳县
83%
湖南省 郴州市 资兴市
83%
广西壮族自治区 桂林市 资源县
83%
四川省 自贡市 自流井区
83%
四川省 绵阳市 梓潼县
83%
四川省 内江市 资中县
83%
贵州省 安顺市 紫云苗族布依族自治县
83%
河北省 衡水市 枣强县
75%
湖北省 宜昌市 秭归县
75%
湖北省 随州市 曾都区
75%
湖南省 益阳市 资阳区
75%
广东省 河源市 紫金县
75%
陕西省 榆林市 子洲县
75%
青海省 玉树藏族自治州 杂多县
67%
山西省 大同市 左云县
58%
山西省 晋城市 泽州县
58%
山西省 晋中市 左权县
58%
青海省 黄南藏族自治州 泽库县
58%
新疆维吾尔自治区 喀什地区 泽普县
58%
江西省 抚州市 资溪县
50%
西藏自治区 昌都市 左贡县
42%
No matching quizzes found
Score Distribution
Percent of People with Each Score
Percentile by Number Answered
Your Score History
You have not taken this quiz